[Event "Monarch Assurance Isle of Man 11th"]
[Site "Port Erin IOM"]
[Date "2002.10.02"]
[Round "5.24"]
[White "Lutton, E Josiah"]
[Black "Rayner, Francis"]
[Result "0-1"]
[WhiteElo "2045"]
[BlackElo "2219"]
[PlyCount "50"]
[EventDate "2002.09.28"]
[EventType "swiss"]
[EventRounds "9"]
[EventCountry "IOM"]
[SourceTitle "BritBase"]
[SourceDate "2008.07.14"]
[SourceVersion "1"]
[SourceVersionDate "2008.07.14"]
[SourceQuality "2"]

1. Nc3 c5 2. e4 Nc6 3. f4 g6 4. Nf3 Bg7 5. Bb5 Nd4 6. Bd3 d6 7. Nxd4 Bxd4 8.
Ne2 Bg7 9. c3 Qb6 10. Bc2 Bd7 11. d3 Nf6 12. O-O Bc6 13. Ng3 h5 14. h4 Ng4 15.
Nh1 c4+ 16. d4 e5 17. fxe5 dxe5 18. Qf3 O-O 19. Nf2 exd4 20. Nxg4 hxg4 21. Qf2
Rae8 22. e5 Bxe5 23. Bh6 g3 24. Qe1 dxc3+ 25. Kh1 Qd4 0-1

[Event "Monarch Assurance Isle of Man 11th"]
[Site "Port Erin IOM"]
[Date "2002.10.02"]
[Round "5.25"]
[White "Grant, Alan"]
[Black "Waugh, Jonathon C"]
[Result "1-0"]
[WhiteElo "2195"]
[BlackElo "1930"]
[PlyCount "85"]
[EventDate "2002.09.28"]
[EventType "swiss"]
[EventRounds "9"]
[EventCountry "IOM"]
[SourceTitle "BritBase"]
[SourceDate "2008.07.14"]
[SourceVersion "1"]
[SourceVersionDate "2008.07.14"]
[SourceQuality "2"]

1. c4 Nf6 2. g3 g6 3. Bg2 Bg7 4. Nc3 d6 5. d3 Nbd7 6. e4 O-O 7. Nge2 e6 8. O-O
a5 9. f4 c6 10. h3 Qe7 11. f5 Ne8 12. g4 g5 13. Be3 Nc7 14. Qd2 h6 15. h4 f6
16. a4 c5 {(=)} 17. Kf2 b6 18. Rh1 Bb7 19. Rh3 Kf7 20. Rah1 Rh8 21. R1h2 Rag8
22. Ng3 Bc6 23. Qd1 Qf8 24. Nh5 Qd8 25. Qh1 Qf8 26. Nxg7 Qxg7 27. hxg5 fxg5 28.
Rxh6 Rxh6 29. Rxh6 Nf6 30. Kg3 Na6 31. Rg6 Qf8 32. Rxg8 Qxg8 33. Qh6 Qg7 34.
Qxg7+ Kxg7 35. Bxg5 Nb4 36. Bf1 Nc2 37. Be2 Nb4 38. Bd2 Nc2 39. g5 Ng8 40. Nb5
Bxb5 41. cxb5 Nb4 42. Bxb4 cxb4 43. Bd1 1-0

[Event "Monarch Assurance Isle of Man 11th"]
[Site "Port Erin IOM"]
[Date "2002.10.02"]
[Round "5.27"]
[White "Kelly, David"]
[Black "Peralta, Fernando"]
[Result "0-1"]
[WhiteElo "1860"]
[BlackElo "2499"]
[PlyCount "60"]
[EventDate "2002.09.28"]
[EventType "swiss"]
[EventRounds "9"]
[EventCountry "IOM"]
[SourceTitle "BritBase"]
[SourceDate "2008.07.14"]
[SourceVersion "1"]
[SourceVersionDate "2008.07.14"]
[SourceQuality "2"]

1. e4 Nf6 2. Nc3 d6 3. d4 g6 4. Nf3 Bg7 5. Be2 O-O 6. O-O Bg4 7. Be3 Nc6 8. Qd2
e5 9. dxe5 dxe5 10. Rad1 Qc8 11. Qc1 Rd8 12. h3 Bxf3 13. Bxf3 h5 14. Rxd8+ Qxd8
15. Bg5 Nd4 16. Qd1 c6 17. Nb1 Qe7 18. c3 Ne6 19. Bxf6 Qxf6 20. g3 Rd8 21. Qe2
h4 22. Rd1 Bh6 23. Bg4 Rxd1+ 24. Qxd1 hxg3 25. fxg3 Nc5 26. Qe2 Qg5 27. Kh2 Qc1
28. Na3 Be3 29. Qg2 Nxe4 30. Nc4 Bf2 0-1

[Event "Monarch Assurance Isle of Man 11th"]
[Site "Port Erin IOM"]
[Date "2002.10.02"]
[Round "5.28"]
[White "Cioara, Andrei Nestor"]
[Black "Harborne, Matthew"]
[Result "1-0"]
[WhiteElo "2414"]
[BlackElo "2075"]
[PlyCount "65"]
[EventDate "2002.09.28"]
[EventType "swiss"]
[EventRounds "9"]
[EventCountry "IOM"]
[SourceTitle "BritBase"]
[SourceDate "2008.07.14"]
[SourceVersion "1"]
[SourceVersionDate "2008.07.14"]
[SourceQuality "2"]

1. d4 Nf6 2. c4 e6 3. Nf3 b6 4. a3 Be7 5. Nc3 Bb7 6. Qc2 c5 7. dxc5 Bxc5 8. b4
Be7 9. e4 d6 10. Bd3 Nbd7 11. O-O Rc8 12. Qb3 Ng4 13. Bb2 Ba6 14. Be2 Bf6 15.
Nd2 Nge5 16. f4 Nc6 17. Bd3 O-O 18. Rac1 Bd4+ 19. Kh1 Be3 20. Qd1 Nd4 21. Ne2
Bxd2 22. Qxd2 Nxe2 23. Bxe2 Qe7 24. Rfd1 Nf6 25. e5 dxe5 26. fxe5 Ne4 27. Qe3
Bb7 28. Bf3 Qh4 29. Rd4 Rfd8 30. Bxe4 Rxd4 31. Bxb7 Rcxc4 32. Bxd4 Rxd4 33.
Qxd4 1-0

[Event "Monarch Assurance Isle of Man 11th"]
[Site "Port Erin IOM"]
[Date "2002.10.02"]
[Round "5.29"]
[White "Vuilleumier, Alex"]
[Black "Spanton, Tim"]
[Result "1-0"]
[WhiteElo "2169"]
[BlackElo "2008"]
[PlyCount "125"]
[EventDate "2002.09.28"]
[EventType "swiss"]
[EventRounds "9"]
[EventCountry "IOM"]
[SourceTitle "BritBase"]
[SourceDate "2008.07.14"]
[SourceVersion "1"]
[SourceVersionDate "2008.07.14"]
[SourceQuality "2"]

1. e4 c5 2. Nf3 g6 3. d4 cxd4 4. Nxd4 Nc6 5. c4 Bg7 6. Nc2 Qa5+ 7. Qd2 Qxd2+ 8.
Nxd2 Nf6 9. b3 O-O 10. Bb2 Nh5 11. O-O-O Bxb2+ 12. Kxb2 d6 13. g3 Be6 14. Be2
Nf6 15. Rhe1 Rfc8 16. Ne3 Rc7 17. Nd5 Bxd5 18. exd5 Ne5 19. f4 Ned7 20. Bf1 Kf8
21. Nf3 Rac8 22. Nd4 a6 23. a4 Nc5 24. Bg2 Re8 25. Bf3 h5 26. Re2 Rec8 27. f5
g5 28. Bg2 g4 29. h3 Ncd7 30. hxg4 hxg4 31. Rh1 Ne5 32. Rc2 Kg7 33. Rc3 Rh8 34.
Rxh8 Kxh8 35. Bf1 Kg7 36. a5 Ne4 37. Re3 Nf6 38. Rc3 Ne4 39. Re3 Nf6 40. Bd3
Rc5 41. Be2 Rc8 42. Ka2 Rc5 43. b4 Rc7 44. Kb3 Nfd7 45. Nc2 Kf6 46. Re4 Kxf5
47. Rf4+ Kg5 48. Ne3 Nf6 49. Rf5+ Kg6 50. c5 Rc8 51. c6 bxc6 52. Bxa6 Rc7 53.
dxc6 Nxc6 54. Rf4 Nb8 55. Bd3+ Kg7 56. Nxg4 Nxg4 57. Rxg4+ Kf6 58. Rg8 Nc6 59.
Be4 Nd4+ 60. Kb2 Ke5 61. Bd3 Rb7 62. b5 Nxb5 63. Rg5+ 1-0

[Event "Monarch Assurance Isle of Man 11th"]
[Site "Port Erin IOM"]
[Date "2002.10.02"]
[Round "5.30"]
[White "Van Kemenade, Rudy"]
[Black "Cross, Glenn"]
[Result "1/2-1/2"]
[WhiteElo "2141"]
[BlackElo "1992"]
[PlyCount "64"]
[EventDate "2002.09.28"]
[EventType "swiss"]
[EventRounds "9"]
[EventCountry "IOM"]
[SourceTitle "BritBase"]
[SourceDate "2008.07.14"]
[SourceVersion "1"]
[SourceVersionDate "2008.07.14"]
[SourceQuality "2"]

1. e4 c5 2. Nf3 d6 3. Bb5+ Bd7 4. Bxd7+ Nxd7 5. O-O g6 6. c3 Bg7 7. d4 cxd4 8.
cxd4 Ngf6 9. Nc3 O-O 10. h3 a6 11. a4 Rb8 12. a5 b5 13. axb6 Qxb6 14. Qe2 e5
15. Rxa6 Qb4 16. Ra4 Qb7 17. Rd1 Rfc8 18. d5 Nc5 19. Ra2 Qb3 20. Nd2 Qb4 21. f3
Nh5 22. Nf1 Nf4 23. Bxf4 exf4 24. Qd2 Be5 25. Ne2 Qc4 26. b4 Nb3 27. Qd3 Qxb4
28. Rc2 Nc5 29. Qd2 Qb6 30. Kh1 Rc7 31. Nc1 Rbc8 32. Qf2 Qb5 1/2-1/2

[Event "Monarch Assurance Isle of Man 11th"]
[Site "Port Erin IOM"]
[Date "2002.10.02"]
[Round "5.31"]
[White "Hanley, James"]
[Black "Ormsby, Alan"]
[Result "0-1"]
[WhiteElo "1990"]
[BlackElo "2069"]
[PlyCount "96"]
[EventDate "2002.09.28"]
[EventType "swiss"]
[EventRounds "9"]
[EventCountry "IOM"]
[SourceTitle "BritBase"]
[SourceDate "2008.07.14"]
[SourceVersion "1"]
[SourceVersionDate "2008.07.14"]
[SourceQuality "2"]

1. e4 c6 2. d4 d5 3. e5 Bf5 4. Nf3 e6 5. Be2 c5 6. c3 Nc6 7. O-O cxd4 8. cxd4
Nge7 9. a3 Nc8 10. b4 a6 11. Bb2 Be7 12. Nbd2 O-O 13. Rc1 Nb6 14. Nb3 Bg4 15.
Bd3 Na4 16. Ba1 Rc8 17. h3 Bxf3 18. Qxf3 b5 19. Nc5 Nxc5 20. bxc5 f5 21. exf6
Bxf6 22. Qg4 Qd7 23. Rfe1 Rce8 24. Re2 Qf7 25. Rce1 Nd8 26. a4 Qb7 27. axb5
axb5 28. Rb1 b4 29. Bc3 b3 30. Reb2 e5 31. Rxb3 Qf7 32. Bb5 Re6 33. R3b2 Be7
34. Qd1 e4 35. Qe2 Rg6 36. Be1 Ne6 37. Qe3 Nf4 38. g4 h5 39. Bd7 hxg4 40. Bxg4
Kh7 41. Rb6 Bh4 42. Rb8 Rxb8 43. Rxb8 Qf5 44. f3 Bxe1 45. Kf1 Qg5 46. Qxe1 Nd3
47. Qe2 Qc1+ 48. Kg2 Nf4+ 0-1

[Event "Monarch Assurance Isle of Man 11th"]
[Site "Port Erin IOM"]
[Date "2002.10.02"]
[Round "5.32"]
[White "Purton, Ben"]
[Black "Cheshire, Paul"]
[Result "1-0"]
[WhiteElo "2067"]
[BlackElo "1775"]
[PlyCount "94"]
[EventDate "2002.09.28"]
[EventType "swiss"]
[EventRounds "9"]
[EventCountry "IOM"]
[SourceTitle "BritBase"]
[SourceDate "2008.07.14"]
[SourceVersion "1"]
[SourceVersionDate "2008.07.14"]
[SourceQuality "2"]

1. e4 e6 2. d4 d5 3. exd5 exd5 4. c4 Nf6 5. Nc3 g6 6. Nf3 Bg7 7. Bg5 c6 8. Qb3
dxc4 9. Bxc4 Qe7+ 10. Kf1 O-O 11. Re1 Qc7 12. Bh4 b5 13. Bd3 Be6 14. Rxe6 fxe6
15. Ng5 Re8 16. Nxe6 Qf7 17. Nc7 Qxb3 18. axb3 Nbd7 19. Nxa8 Rxa8 20. f3 Rd8
21. Kf2 Nc5 22. Bxb5 Rxd4 23. Bxf6 Bxf6 24. Bxc6 Rd2+ 25. Kg3 Rxb2 26. Ne4
Nxe4+ 27. Bxe4 Kg7 28. Bd5 Rd2 29. Bc4 a5 30. Rc1 Be5+ 31. f4 Bf6 32. Kf3 Bb2
33. Re1 Kf6 34. Re6+ Kg7 35. Re7+ Kh6 36. g4 g5 37. fxg5+ Kxg5 38. Rxh7 Kg6 39.
Rh5 Bc3 40. h4 Rd6 41. Rf5 Rc6 42. Bf7+ Kg7 43. g5 Rd6 44. h5 Rd1 45. Bc4 Rh1
46. Rf7+ Kg8 47. Kg2 Rc1 1-0

[Event "Monarch Assurance Isle of Man 11th"]
[Site "Port Erin IOM"]
[Date "2002.10.03"]
[Round "6.3"]
[White "Grunberg, Mihai"]
[Black "Dautov, Rustem"]
[Result "0-1"]
[WhiteElo "2445"]
[BlackElo "2617"]
[PlyCount "76"]
[EventDate "2002.09.28"]
[EventType "swiss"]
[EventRounds "9"]
[EventCountry "IOM"]
[SourceTitle "BritBase"]
[SourceDate "2008.07.14"]
[SourceVersion "1"]
[SourceVersionDate "2008.07.14"]
[SourceQuality "2"]

1. f4 d5 2. Nf3 g6 3. g3 Bg7 4. Bg2 Nh6 5. d3 d4 6. c3 c5 7. e4 dxe3 8. Bxe3
Qc7 9. O-O O-O 10. h3 Nf5 11. Bf2 e6 12. Na3 Nd7 13. d4 a6 14. dxc5 Nxc5 15.
Qe2 b6 16. Nc4 Bb7 17. g4 Nd6 18. Nxb6 Qxb6 19. b4 Nde4 20. bxc5 Qc7 21. Ne5
Nxf2 22. Qxf2 Bxg2 23. Kxg2 Bxe5 24. fxe5 Qxe5 25. Qd4 Qc7 26. Qd6 Rfc8 27.
Rab1 Ra7 28. Rb3 Qxc5 29. Qxc5 Rxc5 30. Rd1 Kg7 31. Rd6 a5 32. Rd4 Rac7 33. Ra4
h5 34. gxh5 Rxh5 35. c4 Rcc5 36. Kf2 Kf6 37. Ke3 Rxh3+ 38. Kd4 Rhh5 0-1

[Event "Monarch Assurance Isle of Man 11th"]
[Site "Port Erin IOM"]
[Date "2002.10.03"]
[Round "6.5"]
[White "Fridman, Daniel"]
[Black "Gladyszev, Oleg"]
[Result "1-0"]
[WhiteElo "2577"]
[BlackElo "2388"]
[PlyCount "81"]
[EventDate "2002.09.28"]
[EventType "swiss"]
[EventRounds "9"]
[EventCountry "IOM"]
[SourceTitle "BritBase"]
[SourceDate "2008.07.14"]
[SourceVersion "1"]
[SourceVersionDate "2008.07.14"]
[SourceQuality "2"]

1. d4 Nf6 2. Nf3 g6 3. c4 Bg7 4. g3 O-O 5. Bg2 d6 6. Nc3 Nbd7 7. O-O e5 8. e4
c6 9. h3 Qb6 10. Re1 exd4 11. Nxd4 Ne8 12. Nb3 a5 13. Be3 Qb4 14. Nd4 a4 15. a3
Qa5 16. f4 Nc5 17. Qc2 h5 18. Rad1 Nf6 19. Nf3 Re8 20. Ng5 Ne6 21. Nxe6 Bxe6
22. Rxd6 Bxc4 23. Qf2 Qc7 24. e5 Nd7 25. Red1 Be6 26. Ne4 Re7 27. Nf6+ Bxf6 28.
exf6 Ree8 29. f5 Bxf5 30. Qf4 Nf8 31. Qh6 Ne6 32. Bf4 Rad8 33. Rxe6 Rxd1+ 34.
Kh2 fxe6 35. Bxc7 Rd7 36. Be5 Rf7 37. Qd2 Rc8 38. Qd1 Rh7 39. Kg1 g5 40. f7+
Rxf7 41. Qxh5 1-0

[Event "Monarch Assurance Isle of Man 11th"]
[Site "Port Erin IOM"]
[Date "2002.10.03"]
[Round "6.7"]
[White "Miezis, Normunds"]
[Black "Zapata, Alonso"]
[Result "0-1"]
[WhiteElo "2510"]
[BlackElo "2549"]
[PlyCount "66"]
[EventDate "2002.09.28"]
[EventType "swiss"]
[EventRounds "9"]
[EventCountry "IOM"]
[SourceTitle "BritBase"]
[SourceDate "2008.07.14"]
[SourceVersion "1"]
[SourceVersionDate "2008.07.14"]
[SourceQuality "2"]

1. c4 Nf6 2. Nc3 e5 3. g3 c6 4. d4 exd4 5. Qxd4 Na6 6. Bg2 Be7 7. Nh3 d5 8.
cxd5 Nb4 9. O-O Bxh3 10. Bxh3 O-O 11. d6 Bxd6 12. Bf5 Be7 13. Qf4 g6 14. Bb1
Nbd5 15. Qf3 Nxc3 16. Qxc3 Nd5 17. Qf3 Bf6 18. h4 Qe7 19. Kg2 Rfe8 20. e3 Rad8
21. a3 Nb6 22. h5 Nc4 23. Ra2 Qe6 24. hxg6 hxg6 25. b4 Kg7 26. Rh1 Rh8 27. Rxh8
Rxh8 28. Kg1 Ne5 29. Qe4 Qh3 30. Bb2 Qh5 31. g4 Nxg4 32. Qf3 Qh2+ 33. Kf1 Qh1+
0-1

[Event "Monarch Assurance Isle of Man 11th"]
[Site "Port Erin IOM"]
[Date "2002.10.03"]
[Round "6.8"]
[White "Goloshchapov, Alexander"]
[Black "Ward, Chris"]
[Result "1-0"]
[WhiteElo "2544"]
[BlackElo "2498"]
[PlyCount "68"]
[EventDate "2002.09.28"]
[EventType "swiss"]
[EventRounds "9"]
[EventCountry "IOM"]
[SourceTitle "BritBase"]
[SourceDate "2008.07.14"]
[SourceVersion "1"]
[SourceVersionDate "2008.07.14"]
[SourceQuality "2"]

1. e4 e6 2. d4 d5 3. e5 c5 4. c3 Qb6 5. Nf3 Bd7 6. a3 cxd4 7. cxd4 Bb5 8. Bxb5+
Qxb5 9. Nc3 Qd7 10. O-O Ne7 11. Ne2 Ng6 12. Ng3 Nc6 13. Nh5 O-O-O 14. b4 Kb8
15. Bd2 Nce7 16. g4 Nc8 17. Ne1 Nb6 18. Nd3 Nc4 19. Bg5 Rc8 20. Ra2 Ka8 21. Kh1
Rg8 22. Bc1 Be7 23. f4 f5 24. exf6 gxf6 25. f5 exf5 26. gxf5 Nh4 27. Ng3 Bd6
28. Nc5 Rxc5 29. bxc5 Bxg3 30. Qh5 Be1 31. Rxe1 Nxf5 32. Rg2 Rd8 33. Qg4 a5 34.
Rf2 Nh6 1-0

[Event "Monarch Assurance Isle of Man 11th"]
[Site "Port Erin IOM"]
[Date "2002.10.03"]
[Round "6.10"]
[White "Hebden, Mark"]
[Black "Brady, Stephen"]
[Result "1/2-1/2"]
[WhiteElo "2534"]
[BlackElo "2353"]
[PlyCount "114"]
[EventDate "2002.09.28"]
[EventType "swiss"]
[EventRounds "9"]
[EventCountry "IOM"]
[SourceTitle "BritBase"]
[SourceDate "2008.07.14"]
[SourceVersion "1"]
[SourceVersionDate "2008.07.14"]
[SourceQuality "2"]

1. d4 Nf6 2. Nf3 e6 3. c3 c5 4. Bg5 h6 5. Bxf6 Qxf6 6. e4 Nc6 7. d5 Ne5 8. Be2
Nxf3+ 9. Bxf3 e5 10. O-O Be7 11. a4 Qg6 12. Nd2 d6 13. Nc4 O-O 14. b4 cxb4 15.
cxb4 f5 16. Bh5 Qg5 17. Ra3 fxe4 18. Qe2 Bf5 19. Rg3 Qf4 20. Ne3 Bh7 21. Bg6
Bg5 22. Bxh7+ Kxh7 23. Nc4 Rad8 24. Rg4 Qf7 25. Qxe4+ Qf5 26. Qe2 Rd7 27. Re4
Qg6 28. h4 Bd8 29. Rg4 Qf5 30. Ne3 Qf7 31. a5 Kh8 32. Rc4 b6 33. a6 b5 34. Re4
Qg6 35. Rg4 Qh5 36. Qxb5 Rdf7 37. Qd3 Bxh4 38. f3 Bd8 39. Qg6 Qxg6 40. Rxg6 Bb6
41. Kf2 Rf4 42. Ke2 Rxb4 43. Rc1 Rb2+ 44. Rc2 Rxc2+ 45. Nxc2 Rf6 46. Rg4 g5 47.
Rc4 Bc5 48. Nb4 Rf4 49. Rxf4 gxf4 50. Nc6 Kg7 51. Kd3 Kf6 52. Ke4 h5 53. Kd3
Kg5 54. Ne7 Kf6 55. Nc6 Kg5 56. Ne7 Kf6 57. Nc6 Kg5 1/2-1/2

[Event "Monarch Assurance Isle of Man 11th"]
[Site "Port Erin IOM"]
[Date "2002.10.03"]
[Round "6.11"]
[White "Burrows, Martin"]
[Black "Tyomkin, Dimitri"]
[Result "0-1"]
[WhiteElo "2196"]
[BlackElo "2482"]
[PlyCount "64"]
[EventDate "2002.09.28"]
[EventType "swiss"]
[EventRounds "9"]
[EventCountry "IOM"]
[SourceTitle "BritBase"]
[SourceDate "2008.07.14"]
[SourceVersion "1"]
[SourceVersionDate "2008.07.14"]
[SourceQuality "2"]

1. e4 c5 2. Nf3 Nc6 3. d4 cxd4 4. Nxd4 Nf6 5. Nc3 e5 6. Ndb5 d6 7. Bg5 a6 8.
Na3 b5 9. Bxf6 gxf6 10. Nd5 Bg7 11. c3 f5 12. exf5 Bxf5 13. Nc2 O-O 14. Nce3
Be6 15. Bd3 f5 16. Bc2 Kh8 17. g4 fxg4 18. Qd3 Bg8 19. O-O-O b4 20. Nxb4 Nxb4
21. cxb4 Rxf2 22. Kb1 Qg5 23. Rhg1 h5 24. h4 Qf4 25. Nd5 Qf7 26. Qe3 e4 27.
Rge1 a5 28. b5 Rc8 29. Re2 Rf3 30. Qb6 Rd3 31. Bb3 Rxd1+ 32. Bxd1 Qxd5 0-1

[Event "Monarch Assurance Isle of Man 11th"]
[Site "Port Erin IOM"]
[Date "2002.10.03"]
[Round "6.12"]
[White "Lutton, J Ezra"]
[Black "Orr, Mark JL"]
[Result "1/2-1/2"]
[WhiteElo "2113"]
[BlackElo "2332"]
[PlyCount "51"]
[EventDate "2002.09.28"]
[EventType "swiss"]
[EventRounds "9"]
[EventCountry "IOM"]
[SourceTitle "BritBase"]
[SourceDate "2008.07.14"]
[SourceVersion "1"]
[SourceVersionDate "2008.07.14"]
[SourceQuality "2"]

1. Nc3 d5 2. e4 e6 3. d4 Nf6 4. Bg5 dxe4 5. Nxe4 Nbd7 6. Nf3 Be7 7. Nxf6+ Bxf6
8. Bxf6 Nxf6 9. Bd3 O-O 10. c3 b6 11. Qe2 Bb7 12. O-O-O Qc8 13. g4 c5 14. g5
Nh5 15. Bc2 g6 16. Rhg1 Bxf3 17. Qxf3 Qc7 18. Rg4 cxd4 19. Rgxd4 Rad8 20. h4 a5
21. Qe3 Rxd4 22. Rxd4 Rd8 23. Rxd8+ Qxd8 24. Bd1 Ng7 25. Bg4 Ne8 26. Qd2
1/2-1/2

[Event "Monarch Assurance Isle of Man 11th"]
[Site "Port Erin IOM"]
[Date "2002.10.03"]
[Round "6.14"]
[White "Marchand, Francois"]
[Black "Kunte, Abhijit"]
[Result "0-1"]
[WhiteElo "2237"]
[BlackElo "2477"]
[PlyCount "118"]
[EventDate "2002.09.28"]
[EventType "swiss"]
[EventRounds "9"]
[EventCountry "IOM"]
[SourceTitle "BritBase"]
[SourceDate "2008.07.14"]
[SourceVersion "1"]
[SourceVersionDate "2008.07.14"]
[SourceQuality "2"]

1. d4 Nf6 2. c4 e6 3. Nf3 b6 4. g3 Ba6 5. Qa4 Bb7 6. Bg2 c5 7. dxc5 Bxc5 8. O-O
O-O 9. Nc3 Ne4 10. Nxe4 Bxe4 11. Bf4 Qc8 12. Rfd1 Rd8 13. Nd2 Bxg2 14. Kxg2
Qb7+ 15. Kg1 Nc6 16. Ne4 d5 17. cxd5 exd5 18. Nxc5 bxc5 19. Rd2 h6 20. g4 Nd4
21. b4 Re8 22. Be3 Nxe2+ 23. Rxe2 d4 24. Qd1 dxe3 25. bxc5 Qf3 26. Rxe3 Rxe3
27. fxe3 Qxe3+ 28. Kg2 Qxc5 29. Rc1 Qg5 30. Qf3 Qd2+ 31. Kg3 Rd8 32. Rc7 Qxa2
33. Re7 a5 34. h4 Qd5 35. Qxd5 Rxd5 36. Re8+ Kh7 37. h5 g6 38. Re7 Kg7 39. hxg6
Kxg6 40. Ra7 h5 41. Ra6+ f6 42. gxh5+ Rxh5 43. Ra8 Rb5 44. Kf3 Kf5 45. Ra6 Rb3+
46. Ke2 Ra3 47. Ra8 Kf4 48. Kf2 Ra2+ 49. Ke1 f5 50. Ra7 Kf3 51. Ra8 f4 52. Ra7
Ra1+ 53. Kd2 Kf2 54. Ra8 f3 55. Ra7 Kf1 56. Ra8 f2 57. Rg8 Ra4 58. Rh8 Rd4+ 59.
Kc2 Ke2 0-1

[Event "Monarch Assurance Isle of Man 11th"]
[Site "Port Erin IOM"]
[Date "2002.10.03"]
[Round "6.15"]
[White "Rayner, Francis"]
[Black "Palliser, Richard"]
[Result "1-0"]
[WhiteElo "2219"]
[BlackElo "2441"]
[PlyCount "47"]
[EventDate "2002.09.28"]
[EventType "swiss"]
[EventRounds "9"]
[EventCountry "IOM"]
[SourceTitle "BritBase"]
[SourceDate "2008.07.14"]
[SourceVersion "1"]
[SourceVersionDate "2008.07.14"]
[SourceQuality "2"]

1. c4 e5 2. Nc3 Nf6 3. Nf3 Nc6 4. e3 Be7 5. a3 d6 6. Qc2 Bg4 7. Be2 O-O 8. b4
Qd7 9. Bb2 Nd8 10. O-O c6 11. d4 Bxf3 12. Bxf3 exd4 13. exd4 Ne6 14. Rad1 d5
15. g3 dxc4 16. d5 Ng5 17. Bg2 Qg4 18. h4 Nf3+ 19. Kh1 Rae8 20. Qe2 Nh2 21.
Kxh2 Qxe2 22. Nxe2 Nxd5 23. Bxd5 cxd5 24. Nf4 1-0

[Event "Monarch Assurance Isle of Man 11th"]
[Site "Port Erin IOM"]
[Date "2002.10.03"]
[Round "6.16"]
[White "Williams, Simon K"]
[Black "Pert, Richard"]
[Result "0-1"]
[WhiteElo "2421"]
[BlackElo "2357"]
[PlyCount "55"]
[EventDate "2002.09.28"]
[EventType "swiss"]
[EventRounds "9"]
[EventCountry "IOM"]
[SourceTitle "BritBase"]
[SourceDate "2008.07.14"]
[SourceVersion "1"]
[SourceVersionDate "2008.07.14"]
[SourceQuality "2"]

1. d4 Nf6 2. g4 Nxg4 3. e4 d5 4. e5 g6 5. Nf3 c5 6. h3 Nh6 7. dxc5 Nc6 8. Bb5
Nf5 9. b4 Bg7 10. Bb2 O-O 11. a3 Be6 12. Nbd2 a5 13. Bxc6 bxc6 14. Nb3 axb4 15.
axb4 Qc7 16. O-O Rab8 17. Qd2 Nh6 18. Ng5 Bf5 19. Rfe1 Rbe8 20. Nd4 Qc8 21. Ra7
f6 22. Nxf5 Qxf5 23. Ne6 Qxe6 24. exf6 Qxh3 25. fxg7 Qg4+ 26. Kf1 Qh3+ 27. Kg1
Qg4+ 28. Kh2 0-1

[Event "Monarch Assurance Isle of Man 11th"]
[Site "Port Erin IOM"]
[Date "2002.10.03"]
[Round "6.17"]
[White "Grant, Alan"]
[Black "Ansell, Simon"]
[Result "0-1"]
[WhiteElo "2195"]
[BlackElo "2399"]
[PlyCount "94"]
[EventDate "2002.09.28"]
[EventType "swiss"]
[EventRounds "9"]
[EventCountry "IOM"]
[SourceTitle "BritBase"]
[SourceDate "2008.07.14"]
[SourceVersion "1"]
[SourceVersionDate "2008.07.14"]
[SourceQuality "2"]

1. c4 e5 2. g3 d6 3. Bg2 Be7 4. Nc3 f5 5. e4 fxe4 6. Nxe4 Nc6 7. Ne2 Bg4 8. f3
Be6 9. b3 Nf6 10. O-O Nxe4 11. fxe4 Bf6 12. d3 O-O 13. Be3 h6 14. Qd2 Bg5 15.
Rxf8+ Kxf8 16. h3 Bxe3+ 17. Qxe3 Qg5 18. Qxg5 hxg5 19. a3 a5 20. Kf2 Ke7 21.
Ke3 Rb8 22. Rc1 Kd7 23. d4 exd4+ 24. Nxd4 Nxd4 25. Kxd4 c5+ 26. Kc3 b5 27. cxb5
Rxb5 28. Rb1 Rb8 29. g4 Ke7 30. b4 cxb4+ 31. axb4 Rc8+ 32. Kd3 Ba2 33. Rb2 Bc4+
34. Kd4 a4 35. Rb1 a3 36. Bf1 a2 37. Ra1 Be6 38. Bd3 Rb8 39. Kc3 Kf6 40. Bc2
Rc8+ 41. Kd2 Ke5 42. Re1 Rc4 43. b5 Rb4 44. Bd3 Kd4 45. Ra1 Rb2+ 46. Kc1 Kc3
47. e5 Rg2 0-1

[Event "Monarch Assurance Isle of Man 11th"]
[Site "Port Erin IOM"]
[Date "2002.10.03"]
[Round "6.18"]
[White "Gordon, Stephen J"]
[Black "Welling, Gerard"]
[Result "0-1"]
[WhiteElo "2159"]
[BlackElo "2393"]
[PlyCount "68"]
[EventDate "2002.09.28"]
[EventType "swiss"]
[EventRounds "9"]
[EventCountry "IOM"]
[SourceTitle "BritBase"]
[SourceDate "2008.07.14"]
[SourceVersion "1"]
[SourceVersionDate "2008.07.14"]
[SourceQuality "2"]

1. c4 g6 2. d4 Bg7 3. Nc3 c5 4. Nf3 cxd4 5. Nxd4 Nc6 6. Nxc6 bxc6 7. g3 a5 8.
Qc2 Nf6 9. Bg2 O-O 10. O-O d5 11. cxd5 cxd5 12. Rd1 Qc7 13. Bf4 e5 14. Bg5 Bf5
15. Qa4 d4 16. Bxf6 dxc3 17. Bxg7 cxb2 18. Bxf8 bxa1=Q 19. Rxa1 Rxf8 20. Bd5 {
(=)} Rd8 21. Qc4 Qxc4 22. Bxc4 Kf8 23. Kf1 Ke7 24. Ke1 Rc8 25. Bb3 Bd7 26. Rd1
f6 27. Rd5 a4 28. Bd1 Rc1 29. Rd2 Ra1 30. f3 a3 31. Rd3 Rxa2 32. Bb3 Rb2 33.
Bc4 a2 34. Rd1 Ba4 0-1

[Event "Monarch Assurance Isle of Man 11th"]
[Site "Port Erin IOM"]
[Date "2002.10.03"]
[Round "6.20"]
[White "Cafolla, Peter"]
[Black "Palus, Ryszard"]
[Result "0-1"]
[WhiteElo "2109"]
[BlackElo "2232"]
[PlyCount "54"]
[EventDate "2002.09.28"]
[EventType "swiss"]
[EventRounds "9"]
[EventCountry "IOM"]
[SourceTitle "BritBase"]
[SourceDate "2008.07.14"]
[SourceVersion "1"]
[SourceVersionDate "2008.07.14"]
[SourceQuality "2"]

1. d4 Nf6 2. c4 g6 3. Nc3 d5 4. Bg5 Bg7 5. Bxf6 Bxf6 6. cxd5 c6 7. dxc6 Bxd4 8.
cxb7 Bxb7 9. e3 Bxc3+ 10. bxc3 Qa5 11. Qd4 O-O 12. Qb4 Qc7 13. Nf3 Na6 14. Qa3
Rfd8 15. Be2 Rd5 16. Rb1 Ra5 17. Qb2 Bxf3 18. gxf3 Rb8 19. Qc1 Rxb1 20. Qxb1
Qxc3+ 21. Kf1 Nb4 22. Kg2 Rxa2 23. Rc1 Qd2 24. Rc8+ Kg7 25. Qe4 Qxe2 26. Qe5+
Kh6 27. Qg3 Nd3 0-1

[Event "Monarch Assurance Isle of Man 11th"]
[Site "Port Erin IOM"]
[Date "2002.10.03"]
[Round "6.21"]
[White "Collins, Sam IRL"]
[Black "Hutchinson, Norman A"]
[Result "1-0"]
[WhiteElo "2313"]
[BlackElo "2175"]
[PlyCount "71"]
[EventDate "2002.09.28"]
[EventType "swiss"]
[EventRounds "9"]
[EventCountry "IOM"]
[SourceTitle "BritBase"]
[SourceDate "2008.07.14"]
[SourceVersion "1"]
[SourceVersionDate "2008.07.14"]
[SourceQuality "2"]

1. e4 c6 2. Ne2 d5 3. e5 Bg4 4. h3 Bh5 5. d4 f6 6. e6 Qd6 7. g4 Bg6 8. Bg2 Qxe6
9. O-O f5 10. Nf4 Qd6 11. Re1 fxg4 12. hxg4 Bf7 13. Nd3 Nd7 14. Bf4 Qf6 15. g5
Qf5 16. Qf3 e6 17. Nd2 O-O-O 18. Bh3 Qg6 19. c4 Ne7 20. Rac1 h6 21. Re5 hxg5
22. Rxg5 Qf6 23. Rg3 Ng6 24. Bg5 Qxf3 25. Rxf3 Nf6 26. Ne5 Nxe5 27. dxe5 dxc4
28. exf6 gxf6 29. Bxf6 Rg8+ 30. Kf1 Rxd2 31. Be5 Rd3 32. Rc3 Bb4 33. Rcxd3 cxd3
34. Rxf7 Re8 35. Rc7+ Kd8 36. Rxb7 1-0